[Event "19. Open de Sants Hostafrancs 2017"]
[Site "Barcelona ESP"]
[Date "2017.08.23"]
[Round "6.49"]
[White "Blomqvist, Erik"]
[Black "Capellades Subirana, Marc"]
[Result "1-0"]
[WhiteElo "2525"]
[BlackElo "2227"]
[PlyCount "47"]
[EventDate "2017.08.18"]
[EventType "swiss"]
[EventRounds "10"]
[EventCountry "ESP"]
[SourceTitle "Ajedrez en Madrid"]
[Source "lmi"]
[SourceDate "2017.08.18"]

1. e4 e5 2. Nf3 Nc6 3. Nc3 Nf6 4. Be2 g6 5. d4 exd4 6. Nxd4 Bg7 7. Nxc6 bxc6 8.
e5 Ng8 9. f4 d5 10. Be3 Qh4+ 11. g3 Qe7 12. Qd2 Qb4 13. a3 Qe7 14. O-O-O Be6
15. Ba6 Rd8 16. Qf2 f6 17. Bb7 Qd7 18. Ne4 fxe5 19. Nc5 Qd6 20. fxe5 Bxe5 21.
Bd4 Ne7 22. Nxe6 Qxe6 23. Rhe1 Rf8 24. Rxe5 1-0

[Event "19. Open de Sants Hostafrancs 2017"]
[Site "Barcelona ESP"]
[Date "2017.08.23"]
[Round "6.50"]
[White "Solano Cuya, Bryan"]
[Black "Gascon Del Nogal, Jose Rafael"]
[Result "1/2-1/2"]
[WhiteElo "2228"]
[BlackElo "2498"]
[PlyCount "145"]
[EventDate "2017.08.18"]
[EventType "swiss"]
[EventRounds "10"]
[EventCountry "ESP"]
[SourceTitle "Ajedrez en Madrid"]
[Source "lmi"]
[SourceDate "2017.08.18"]

1. d4 g6 2. c4 Bg7 3. Nc3 d6 4. Nf3 Nf6 5. e4 O-O 6. Be2 e5 7. d5 a5 8. Bg5 h6
9. Bh4 Qe8 10. Nd2 Na6 11. O-O Nh7 12. a3 Bd7 13. b3 h5 14. f3 Bh6 15. Kh1 Be3
16. Rb1 Bc5 17. Qc1 c6 18. Na2 cxd5 19. b4 Be3 20. exd5 Rc8 21. Bf2 Bxf2 22.
Rxf2 Qe7 23. Nc3 axb4 24. axb4 f5 25. c5 dxc5 26. Bc4 Kh8 27. b5 Nb4 28. Re2
Qf6 29. Qb2 Ng5 30. Rbe1 e4 31. Qc1 Nd3 32. Bxd3 exd3 33. Re7 Rf7 34. R7e5 Rh7
35. Nc4 Nf7 36. f4 Nd6 37. Nxd6 Qxd6 38. Qe3 c4 39. h3 Qc5 40. Qg3 Rg8 41. Qe3
Qxe3 42. R1xe3 Ra8 43. d6 Ra3 44. Nb1 Ra1 45. Re1 Rf7 46. Kh2 Rf6 47. Rc5 d2
48. Rd1 Rxd6 49. Rxd2 Rxd2 50. Nxd2 Be6 51. Rc7 Bd5 52. Rd7 c3 53. Rxd5 c2 54.
Nb3 Rb1 55. Rd8+ Kg7 56. Rd7+ Kf6 57. Rxb7 Rxb3 58. Rc7 Rb2 59. b6 Ke6 60. b7
Kd5 61. Rxc2 Rxb7 62. Kg3 Rb3+ 63. Kh4 Re3 64. g4 Ke4 65. Rc4+ Kd5 66. Ra4 Re4
67. Ra5+ Ke6 68. gxf5+ Kf6 69. fxg6 Kxg6 70. Ra6+ Kf5 71. Kxh5 Rxf4 72. Ra8 Ke6
73. Ra6+ 1/2-1/2

[Event "19. Open de Sants Hostafrancs 2017"]
[Site "Barcelona ESP"]
[Date "2017.08.24"]
[Round "7.1"]
[White "Jumabayev, Rinat"]
[Black "Moroni, Luca Jr"]
[Result "1/2-1/2"]
[WhiteElo "2610"]
[BlackElo "2476"]
[PlyCount "116"]
[EventDate "2017.08.18"]
[EventType "swiss"]
[EventRounds "10"]
[EventCountry "ESP"]
[SourceTitle "Ajedrez en Madrid"]
[Source "lmi"]
[SourceDate "2017.08.18"]

1. c4 e6 2. Nf3 d5 3. d4 a6 4. e3 Nf6 5. b3 c5 6. cxd5 exd5 7. Be2 Nc6 8. O-O
Bd6 9. dxc5 Bxc5 10. Bb2 O-O 11. Nc3 Ba7 12. Rc1 Qd6 13. Qd3 Bg4 14. h3 Bh5 15.
Nh4 Bg6 16. Nxg6 hxg6 17. Bf3 Bb8 18. g3 Ne5 19. Qe2 Nxf3+ 20. Qxf3 Qe6 21. Na4
b5 22. Nc5 Qxh3 23. Bxf6 gxf6 24. Rfd1 Kg7 25. Rxd5 Rh8 26. Qg2 Qxg2+ 27. Kxg2
Be5 28. Rd7 Rhe8 29. Nb7 Ra7 30. Rcd1 Kf8 31. f4 Bb8 32. Kf3 f5 33. Nc5 Bc7 34.
R1d3 a5 35. e4 Bb6 36. Rxa7 Bxc5 37. Rdd7 fxe4+ 38. Ke2 Bxa7 39. Rxa7 a4 40.
bxa4 bxa4 41. g4 Rb8 42. Rxa4 f5 43. gxf5 gxf5 44. Ra7 Rb2+ 45. Ke3 Ke8 46. Ra5
Ke7 47. Rxf5 Rxa2 48. Kxe4 Ra6 49. Kf3 Rf6 50. Ra5 Rb6 51. Kg4 Kf6 52. Rf5+ Kg6
53. Rg5+ Kf6 54. Rh5 Kg7 55. Rh1 Rb5 56. Ra1 Kf6 57. Ra8 Kf7 58. Ra6 Rc5
1/2-1/2

[Event "19. Open de Sants Hostafrancs 2017"]
[Site "Barcelona ESP"]
[Date "2017.08.24"]
[Round "7.2"]
[White "Agdestein, Simen"]
[Black "Mons, Leon"]
[Result "1/2-1/2"]
[WhiteElo "2604"]
[BlackElo "2483"]
[PlyCount "110"]
[EventDate "2017.08.18"]
[EventType "swiss"]
[EventRounds "10"]
[EventCountry "ESP"]
[SourceTitle "Ajedrez en Madrid"]
[Source "lmi"]
[SourceDate "2017.08.18"]

1. d4 Nf6 2. Nc3 d5 3. Bf4 c5 4. e3 cxd4 5. exd4 a6 6. Nf3 Nc6 7. Be2 Bg4 8. h3
Bxf3 9. Bxf3 e6 10. O-O Bd6 11. Bg5 h6 12. Be3 O-O 13. g4 Qc7 14. Ne2 Ne4 15.
Bg2 f5 16. f3 Nf6 17. Qd2 Rfe8 18. c3 Rad8 19. Rae1 e5 20. dxe5 Nxe5 21. b3 Ng6
22. Nd4 fxg4 23. hxg4 Bh2+ 24. Kh1 Bg3 25. Bf2 Bxf2 26. Rxf2 Rxe1+ 27. Qxe1 Re8
28. Re2 Rxe2 29. Nxe2 Qe5 30. Qd2 Qg5 31. Qxg5 hxg5 32. Nd4 Nf4 33. Bf1 Kf7 34.
Kg1 Ne8 35. Kf2 Kf6 36. a4 Ke5 37. a5 Ne6 38. Ke3 Nxd4 39. cxd4+ Kf6 40. Bd3
Nc7 41. Kd2 Ke7 42. Ke3 Kd6 43. b4 Ne6 44. b5 axb5 45. Bxb5 Kc7 46. Kd3 b6 47.
a6 Kb8 48. Bc6 Nf4+ 49. Kc3 Ka7 50. Bb7 b5 51. Bc8 Kb6 52. Bb7 Ne2+ 53. Kd3
Nf4+ 54. Kc3 Ne2+ 55. Kd3 Nf4+ 1/2-1/2

[Event "19. Open de Sants Hostafrancs 2017"]
[Site "Barcelona ESP"]
[Date "2017.08.24"]
[Round "7.3"]
[White "Vocaturo, Daniele"]
[Black "Neef, Maximilian"]
[Result "1-0"]
[WhiteElo "2596"]
[BlackElo "2451"]
[PlyCount "67"]
[EventDate "2017.08.18"]
[EventType "swiss"]
[EventRounds "10"]
[EventCountry "ESP"]
[SourceTitle "Ajedrez en Madrid"]
[Source "lmi"]
[SourceDate "2017.08.18"]

1. d4 Nf6 2. c4 g6 3. Nc3 Bg7 4. e4 d6 5. Nf3 O-O 6. Be2 e5 7. O-O Nc6 8. d5
Ne7 9. Ne1 Nd7 10. Nd3 f5 11. f3 Nf6 12. c5 c6 13. cxd6 Qxd6 14. Be3 cxd5 15.
Bc5 Qd8 16. exd5 Re8 17. d6 Nc6 18. Nb5 Rf8 19. Rc1 Bd7 20. Nc7 Rb8 21. b4 b6
22. Bf2 Ne8 23. b5 Na5 24. Nxe5 Kh8 25. Qd5 Nb7 26. Rfd1 Nexd6 27. Nxd7 Qxd7
28. Ne6 Rfc8 29. Nxg7 Kxg7 30. Bd4+ Kh6 31. Qe5 Rxc1 32. Be3+ Kh5 33. g4+ Kh4
34. Qg3# 1-0

[Event "19. Open de Sants Hostafrancs 2017"]
[Site "Barcelona ESP"]
[Date "2017.08.24"]
[Round "7.4"]
[White "Grigoryan, Karen H"]
[Black "Goh, Wei Ming Kevin"]
[Result "1/2-1/2"]
[WhiteElo "2570"]
[BlackElo "2446"]
[PlyCount "36"]
[EventDate "2017.08.18"]
[EventType "swiss"]
[EventRounds "10"]
[EventCountry "ESP"]
[SourceTitle "Ajedrez en Madrid"]
[Source "lmi"]
[SourceDate "2017.08.18"]

1. d4 Nf6 2. c4 g6 3. Nc3 d5 4. Nf3 Bg7 5. Qb3 dxc4 6. Qxc4 O-O 7. e4 Na6 8.
Be2 c5 9. d5 e6 10. O-O exd5 11. exd5 Re8 12. Bg5 h6 13. Bh4 Bf5 14. Bd3 Bxd3
15. Qxd3 Nb4 16. Qc4 Nbxd5 17. Rad1 Nb6 18. Qxc5 Qc8 1/2-1/2

[Event "19. Open de Sants Hostafrancs 2017"]
[Site "Barcelona ESP"]
[Date "2017.08.24"]
[Round "7.6"]
[White "Dobrov, Vladimir"]
[Black "Diaz Camallonga, Carles"]
[Result "1/2-1/2"]
[WhiteElo "2510"]
[BlackElo "2437"]
[PlyCount "149"]
[EventDate "2017.08.18"]
[EventType "swiss"]
[EventRounds "10"]
[EventCountry "ESP"]
[SourceTitle "Ajedrez en Madrid"]
[Source "lmi"]
[SourceDate "2017.08.18"]

1. d4 e6 2. c4 Nf6 3. Nf3 Bb4+ 4. Bd2 a5 5. g3 d6 6. Bg2 Nbd7 7. O-O e5 8. Bc1
exd4 9. Nxd4 O-O 10. Qc2 a4 11. Nc3 Bc5 12. Rd1 Nb6 13. Rb1 Qe7 14. b4 axb3 15.
axb3 c6 16. Nf5 Bxf5 17. Qxf5 Qe5 18. Qc2 d5 19. Bf4 Qe6 20. cxd5 cxd5 21. Qd3
Rfd8 22. Bc7 Rd7 23. Bxb6 Qxb6 24. e3 Rad8 25. Na4 Qb4 26. Nxc5 Qxc5 27. Qf5
Qe7 28. Rd4 Qe6 29. Qd3 Qc6 30. Rd1 g6 31. Qd2 Kg7 32. h3 Qb6 33. Rb4 Qc5 34.
Rd4 Qb6 35. Qb2 Kg8 36. Qa3 Kg7 37. Qb2 Kg8 38. R1d3 Ne4 39. b4 Qb5 40. Qa1 Nf6
41. g4 h6 42. Qd1 Rc8 43. Qf3 Kg7 44. Qf4 Rc1+ 45. Kh2 Rc4 46. h4 Rxd4 47. Rxd4
Qc6 48. Bf3 Re7 49. Kg2 Ne4 50. g5 hxg5 51. hxg5 f6 52. Rxd5 Nxg5 53. Rd6 Qxf3+
54. Qxf3 Nxf3 55. Kxf3 Kf7 56. Rb6 g5 57. e4 Kg7 58. Rb5 Kf7 59. Ke3 Ke6 60. f4
gxf4+ 61. Kxf4 Kf7 62. Rb6 Kg7 63. Rb5 Kf7 64. Kf5 Kg7 65. Rc5 Kf7 66. Rb5 Kg7
67. Rd5 Kf7 68. Ra5 Kg7 69. Rc5 Kf7 70. b5 b6 71. Rd5 Rc7 72. e5 fxe5 73. Rd6
Ke7 74. Rxb6 Kd7 75. Ke4 1/2-1/2

[Event "19. Open de Sants Hostafrancs 2017"]
[Site "Barcelona ESP"]
[Date "2017.08.24"]
[Round "7.7"]
[White "Munoz, Miguel"]
[Black "Karthik, Venkataraman"]
[Result "1/2-1/2"]
[WhiteElo "2497"]
[BlackElo "2316"]
[PlyCount "29"]
[EventDate "2017.08.18"]
[EventType "swiss"]
[EventRounds "10"]
[EventCountry "ESP"]
[SourceTitle "Ajedrez en Madrid"]
[Source "lmi"]
[SourceDate "2017.08.18"]

1. e4 e5 2. d4 exd4 3. Qxd4 Nc6 4. Qe3 Nf6 5. Bd2 Bb4 6. c3 Ba5 7. c4 Bxd2+ 8.
Nxd2 O-O 9. O-O-O Qe7 10. Ne2 d6 11. h3 Nd7 12. Nc3 Nc5 13. g4 f6 14. f4 Qf7
15. Kb1 1/2-1/2

[Event "19. Open de Sants Hostafrancs 2017"]
[Site "Barcelona ESP"]
[Date "2017.08.24"]
[Round "7.8"]
[White "Suarez Uriel, Adrian"]
[Black "Salomon, Johan"]
[Result "1-0"]
[WhiteElo "2406"]
[BlackElo "2488"]
[PlyCount "83"]
[EventDate "2017.08.18"]
[EventType "swiss"]
[EventRounds "10"]
[EventCountry "ESP"]
[SourceTitle "Ajedrez en Madrid"]
[Source "lmi"]
[SourceDate "2017.08.18"]

1. e4 c5 2. Nf3 d6 3. d4 cxd4 4. Nxd4 Nf6 5. Nc3 a6 6. h3 e6 7. g4 h6 8. Be3 b5
9. Bg2 Bb7 10. Qe2 b4 11. Na4 Nbd7 12. O-O-O Qc7 13. Kb1 e5 14. Nf5 g6 15. Ng3
Bc6 16. Qc4 Qb7 17. b3 Rc8 18. Nb2 a5 19. Qe2 Be7 20. Bc1 d5 21. Rhe1 Bb5 22.
Qd2 d4 23. f4 Rc3 24. Ne2 Bxe2 25. Qxe2 O-O 26. Nc4 Nb6 27. Nxe5 Rfc8 28. Rxd4
a4 29. Bb2 R3c7 30. Rd2 Qa7 31. Nd3 Nfd7 32. Nc1 Nc5 33. Qe3 axb3 34. cxb3 Nca4
35. bxa4 Nc4 36. Qd4 Nxd2+ 37. Qxd2 Rd8 38. Qe3 Qxa4 39. Qb3 Qc6 40. Nd3 Qb5
41. Ne5 Bh4 42. Rc1 1-0

[Event "19. Open de Sants Hostafrancs 2017"]
[Site "Barcelona ESP"]
[Date "2017.08.24"]
[Round "7.9"]
[White "Praggnanandhaa, R."]
[Black "Erdogdu, Mert"]
[Result "1-0"]
[WhiteElo "2487"]
[BlackElo "2415"]
[PlyCount "53"]
[EventDate "2017.08.18"]
[EventType "swiss"]
[EventRounds "10"]
[EventCountry "ESP"]
[SourceTitle "Ajedrez en Madrid"]
[Source "lmi"]
[SourceDate "2017.08.18"]

1. e4 d5 2. exd5 Qxd5 3. Nc3 Qd6 4. d4 Nf6 5. Nf3 c6 6. h3 Bf5 7. Ne5 Nbd7 8.
Nc4 Qc7 9. Qf3 e6 10. Bf4 Qd8 11. O-O-O Nb6 12. g4 Bg6 13. Ne5 Nbd5 14. Nxd5
Nxd5 15. Bd2 Be7 16. h4 Bxh4 17. Bd3 Rf8 18. Bxg6 fxg6 19. Qb3 b5 20. Nxc6 Qb6
21. Nb4 Nxb4 22. Bxb4 Bg5+ 23. Kb1 Rxf2 24. d5 O-O-O 25. Qc3+ Qc7 26. Qxc7+
Kxc7 27. Ba5+ 1-0

[Event "19. Open de Sants Hostafrancs 2017"]
[Site "Barcelona ESP"]
[Date "2017.08.24"]
[Round "7.11"]
[White "Heimann, Andreas"]
[Black "Minko, Vladimir"]
[Result "1-0"]
[WhiteElo "2591"]
[BlackElo "2411"]
[PlyCount "77"]
[EventDate "2017.08.18"]
[EventType "swiss"]
[EventRounds "10"]
[EventCountry "ESP"]
[SourceTitle "Ajedrez en Madrid"]
[Source "lmi"]
[SourceDate "2017.08.18"]

1. e4 c5 2. Nf3 Nc6 3. d4 cxd4 4. Nxd4 Qb6 5. Nb3 Nf6 6. Nc3 e6 7. Qe2 Bb4 8.
Bd2 a5 9. a3 Bxc3 10. Bxc3 e5 11. O-O-O O-O 12. f4 d5 13. exd5 Bg4 14. Qb5 Qxb5
15. Bxb5 Na7 16. Bc4 b5 17. Bd3 Bxd1 18. Rxd1 Nxd5 19. Bxe5 a4 20. Na5 Rad8 21.
Nb7 Rd7 22. Be4 Nf6 23. Rxd7 Nxd7 24. Bd4 Re8 25. Bf3 Nc8 26. Bc6 Re7 27. Bxb5
Ndb6 28. Nc5 Nd6 29. Bd3 Re1+ 30. Kd2 Rb1 31. Ke2 f6 32. Ne4 Ndc4 33. Nd2 Nxd2
34. Kxd2 Nc8 35. Bb5 Nd6 36. Bxa4 Nc4+ 37. Kc3 Nxb2 38. Bb3+ Kf8 39. a4 1-0

[Event "19. Open de Sants Hostafrancs 2017"]
[Site "Barcelona ESP"]
[Date "2017.08.24"]
[Round "7.12"]
[White "Delchev, Aleksander"]
[Black "Garriga Cazorla, Pere"]
[Result "1/2-1/2"]
[WhiteElo "2577"]
[BlackElo "2405"]
[PlyCount "122"]
[EventDate "2017.08.18"]
[EventType "swiss"]
[EventRounds "10"]
[EventCountry "ESP"]
[SourceTitle "Ajedrez en Madrid"]
[Source "lmi"]
[SourceDate "2017.08.18"]

1. c4 c5 2. Nf3 Nf6 3. Nc3 d5 4. cxd5 Nxd5 5. d4 Nxc3 6. bxc3 g6 7. e4 Bg7 8.
Be3 O-O 9. Be2 b6 10. O-O Bb7 11. Qd3 cxd4 12. cxd4 Nc6 13. Rac1 Qd6 14. d5 Nb4
15. Qb3 Na6 16. Qa4 Nc5 17. Bxc5 bxc5 18. Rb1 Bc8 19. Nd2 Bd7 20. Bb5 Bxb5 21.
Rxb5 a6 22. Rb3 Rab8 23. g3 Rxb3 24. axb3 Qf6 25. Kg2 Rb8 26. Nc4 h5 27. Re1 h4
28. Qa2 Qg5 29. Qc2 Bd4 30. Qd3 Qg4 31. h3 Qd7 32. Re2 hxg3 33. fxg3 Qb5 34.
Ra2 Qxb3 35. Qxb3 Rxb3 36. Rxa6 Rc3 37. Ra4 Kg7 38. e5 Rc2+ 39. Kf3 f5 40.
exf6+ Bxf6 41. d6 exd6 42. Nxd6 Bd4 43. Ne4 Rc1 44. Ra7+ Kg8 45. Ra6 Kg7 46.
Ra7+ Kg8 47. Kf4 Re1 48. Re7 Kf8 49. Re6 c4 50. Rxg6 c3 51. Rc6 Re2 52. Rc8+
Kf7 53. Nxc3 Rc2 54. Nb5 Rxc8 55. Nd6+ Ke6 56. Nxc8 Kd7 57. g4 Kxc8 58. g5 Kd7
59. Kf5 Bf2 60. Kg6 Bh4 61. Kh6 Bxg5+ 1/2-1/2

[Event "19. Open de Sants Hostafrancs 2017"]
[Site "Barcelona ESP"]
[Date "2017.08.24"]
[Round "7.13"]
[White "Rizouk, Aimen"]
[Black "Moussard, Jules"]
[Result "1/2-1/2"]
[WhiteElo "2433"]
[BlackElo "2571"]
[PlyCount "134"]
[EventDate "2017.08.18"]
[EventType "swiss"]
[EventRounds "10"]
[EventCountry "ESP"]
[SourceTitle "Ajedrez en Madrid"]
[Source "lmi"]
[SourceDate "2017.08.18"]

1. e4 g6 2. d4 Bg7 3. Nc3 a6 4. Be3 d6 5. Nf3 Nd7 6. Bd3 c5 7. a4 cxd4 8. Nxd4
Ngf6 9. O-O O-O 10. Nd5 Nc5 11. f3 Nfd7 12. Be2 Ne5 13. a5 Rb8 14. Qd2 Nc6 15.
Rfd1 Nd7 16. Kh1 Re8 17. Bf1 Be5 18. c3 Nxa5 19. Bg5 h6 20. Nxe7+ Rxe7 21. Bxe7
Qxe7 22. Rxa5 Qh4 23. g3 Bxg3 24. Qg2 Bf4 25. Nf5 Qf6 26. Rad5 Nf8 27. Nxd6 Be6
28. R5d3 Bb3 29. R1d2 Bxd2 30. Qxd2 Ne6 31. Qxh6 Nc5 32. Rd4 Qxf3+ 33. Bg2 Qf2
34. Qd2 Qxd2 35. Rxd2 f6 36. e5 fxe5 37. Ne4 Nxe4 38. Bxe4 Bf7 39. Rd7 b6 40.
Bd5 Bxd5+ 41. Rxd5 e4 42. Kg2 Kf7 43. Rd6 a5 44. Kf2 b5 45. Ke3 b4 46. Ra6 Rb5
47. Kxe4 Rh5 48. c4 Rxh2 49. b3 Rh3 50. Rxa5 Rxb3 51. Rb5 Rb1 52. Ke5 g5 53.
Kf5 b3 54. Rb7+ Ke8 55. Ke6 Kd8 56. Kd6 Kc8 57. Kc6 b2 58. Rc7+ Kb8 59. Rb7+
Kc8 60. Rc7+ Kd8 61. Rd7+ Ke8 62. Rd2 Ke7 63. c5 Ke6 64. Kb6 Ke5 65. c6 Ke4 66.
c7 Rc1 67. Rxb2 g4 1/2-1/2

[Event "19. Open de Sants Hostafrancs 2017"]
[Site "Barcelona ESP"]
[Date "2017.08.24"]
[Round "7.14"]
[White "Sukandar, Irine Kharisma"]
[Black "Svetushkin, Dmitry"]
[Result "0-1"]
[WhiteElo "2400"]
[BlackElo "2558"]
[PlyCount "124"]
[EventDate "2017.08.18"]
[EventType "swiss"]
[EventRounds "10"]
[EventCountry "ESP"]
[SourceTitle "Ajedrez en Madrid"]
[Source "lmi"]
[SourceDate "2017.08.18"]

1. d4 d5 2. Bf4 c5 3. e3 Nc6 4. c3 Nf6 5. Nd2 Bf5 6. Ngf3 e6 7. Qb3 Qb6 8. Qxb6
axb6 9. Bc7 Nd7 10. Nh4 Be4 11. f3 Bc2 12. g4 h5 13. gxh5 Rxh5 14. Ng2 Be7 15.
Kf2 g5 16. Bb5 Bf6 17. Rhe1 Kf8 18. Bd6+ Kg7 19. Rg1 Bg6 20. h4 gxh4 21. Nf4
Rg5 22. Rxg5 Bxg5 23. Nxg6 fxg6 24. f4 Bf6 25. Nf3 Kf7 26. Kg2 c4 27. Kh3 Nf8
28. Bxc6 bxc6 29. Ng5+ Bxg5 30. fxg5 Nd7 31. Kxh4 e5 32. Kg4 Ke6 33. Ba3 Rh8
34. Re1 c5 35. dxc5 bxc5 36. e4 d4 37. Rc1 d3 38. Rf1 Rh2 39. Kg3 Rh7 40. b3
Rh8 41. Bc1 cxb3 42. axb3 Rb8 43. Rd1 c4 44. b4 Ra8 45. Bd2 Ra2 46. Kf3 Nb6 47.
Ke3 Na4 48. Rf1 Rc2 49. Rf6+ Kd7 50. b5 Nb2 51. Rf1 Kc7 52. Ra1 Kb6 53. Rb1 Na4
54. Ra1 Kxb5 55. Rb1+ Kc6 56. Ra1 Nc5 57. Rd1 Kb5 58. Rb1+ Nb3 59. Be1 d2 60.
Bxd2 Rxd2 61. Rxb3+ cxb3 62. Kxd2 Kc4 0-1

[Event "19. Open de Sants Hostafrancs 2017"]
[Site "Barcelona ESP"]
[Date "2017.08.24"]
[Round "7.15"]
[White "Perez Mitjans, Orelvis"]
[Black "Schroeder, Jan-christian"]
[Result "0-1"]
[WhiteElo "2399"]
[BlackElo "2539"]
[PlyCount "24"]
[EventDate "2017.08.18"]
[EventType "swiss"]
[EventRounds "10"]
[EventCountry "ESP"]
[SourceTitle "Ajedrez en Madrid"]
[Source "lmi"]
[SourceDate "2017.08.18"]

1. e4 e5 2. Nc3 Nf6 3. g3 Bc5 4. Bg2 c6 5. Nf3 d5 6. d3 dxe4 7. Nxe5 Bd4 8. Nc4
Bg4 9. Qd2 exd3 10. Qxd3 Na6 11. O-O O-O 12. Bf4 Nb4 0-1

[Event "19. Open de Sants Hostafrancs 2017"]
[Site "Barcelona ESP"]
[Date "2017.08.24"]
[Round "7.16"]
[White "Novikov, Stanislav"]
[Black "Quirhuayo Chumbe, German Gonza"]
[Result "1-0"]
[WhiteElo "2538"]
[BlackElo "2397"]
[PlyCount "61"]
[EventDate "2017.08.18"]
[EventType "swiss"]
[EventRounds "10"]
[EventCountry "ESP"]
[SourceTitle "Ajedrez en Madrid"]
[Source "lmi"]
[SourceDate "2017.08.18"]

1. Nf3 Nf6 2. c4 g6 3. b3 Bg7 4. Bb2 d6 5. d4 O-O 6. g3 e5 7. dxe5 Nfd7 8. Nc3
dxe5 9. Qd2 Re8 10. Bg2 e4 11. Nd4 f5 12. O-O-O c6 13. Nc2 Qe7 14. f3 Nf6 15.
fxe4 fxe4 16. h3 Nbd7 17. g4 e3 18. Qd6 Qxd6 19. Rxd6 Bf8 20. Rdd1 Nc5 21. Rhf1
Bg7 22. Rd6 Be6 23. b4 Ncd7 24. Nd4 Nf8 25. b5 cxb5 26. g5 Nh5 27. Nxe6 Be5 28.
Bd5 Bxd6 29. Nc7+ Ne6 30. N3xb5 Bxc7 31. Nxc7 1-0

[Event "19. Open de Sants Hostafrancs 2017"]
[Site "Barcelona ESP"]
[Date "2017.08.24"]
[Round "7.17"]
[White "Oblitas, Carlomagno"]
[Black "Vera Siguenas, Deivy"]
[Result "0-1"]
[WhiteElo "2397"]
[BlackElo "2525"]
[PlyCount "86"]
[EventDate "2017.08.18"]
[EventType "swiss"]
[EventRounds "10"]
[EventCountry "ESP"]
[SourceTitle "Ajedrez en Madrid"]
[Source "lmi"]
[SourceDate "2017.08.18"]

1. c4 Nf6 2. Nc3 g6 3. d4 Bg7 4. e4 d6 5. f4 O-O 6. Nf3 c5 7. d5 e6 8. dxe6
fxe6 9. Bd3 Nc6 10. O-O Nd4 11. Kh1 Nxf3 12. Qxf3 Qe7 13. Be3 Nd7 14. Qe2 b6
15. Rad1 Bb7 16. Bc2 Nf6 17. Qf3 Rad8 18. Qh3 Bc8 19. Bc1 a6 20. f5 Nd7 21.
fxe6 Ne5 22. Nd5 Qxe6 23. Qxe6+ Bxe6 24. Nxb6 Ng4 25. Rde1 Rxf1+ 26. Rxf1 Rb8
27. Nd5 Bxb2 28. Bg5 h6 29. Bf4 Be5 30. h3 Bxf4 31. Rxf4 Ne5 32. Rf6 Bxd5 33.
exd5 Rb6 34. Kh2 a5 35. Kg3 Kg7 36. Re6 Kf7 37. h4 Rb4 38. h5 gxh5 39. Rxd6
Rxc4 40. Bf5 h4+ 41. Kh3 Rf4 42. Bh7 Kg7 43. Bb1 Rf1 0-1

[Event "19. Open de Sants Hostafrancs 2017"]
[Site "Barcelona ESP"]
[Date "2017.08.24"]
[Round "7.18"]
[White "Mascaro March, Pedro"]
[Black "Ferreira, Jorge Viterbo"]
[Result "0-1"]
[WhiteElo "2387"]
[BlackElo "2499"]
[PlyCount "120"]
[EventDate "2017.08.18"]
[EventType "swiss"]
[EventRounds "10"]
[EventCountry "ESP"]
[SourceTitle "Ajedrez en Madrid"]
[Source "lmi"]
[SourceDate "2017.08.18"]

1. d4 Nf6 2. Nf3 b6 3. g3 Bb7 4. Bg2 g6 5. c4 Bg7 6. Nc3 Ne4 7. Nxe4 Bxe4 8.
O-O O-O 9. Be3 c5 10. Qd2 d6 11. Bh6 Nd7 12. Bxg7 Kxg7 13. Qc3 Nf6 14. Rad1 Qc7
15. b3 Rab8 16. d5 b5 17. Nd2 Bxg2 18. Kxg2 Kg8 19. Rfe1 a5 20. e4 Nd7 21. f4
f6 22. h4 a4 23. h5 gxh5 24. Rh1 axb3 25. axb3 Qb7 26. Qf3 Rf7 27. Qxh5 Rg7 28.
Rb1 Ra8 29. Qe2 Ra2 30. Ra1 Rxa1 31. Rxa1 bxc4 32. bxc4 Qb2 33. Ra8+ Nf8 34.
Qd3 h5 35. Kf3 h4 36. gxh4 Qc1 37. Nf1 Rg1 38. Kf2 Rg4 39. f5 Qf4+ 40. Qf3 Qxe4
41. Qxe4 Rxe4 42. Kg3 Rxc4 43. Ne3 Rc3 44. Kf4 Kf7 45. Ra7 Rb3 46. Ng4 Rb8 47.
Nh6+ Kg7 48. Ng4 Kf7 49. Nh6+ Ke8 50. Ng8 Nd7 51. h5 Rb1 52. Ra8+ Kf7 53. Nh6+
Kg7 54. Ng8 Nb6 55. h6+ Kh7 56. Re8 Nxd5+ 57. Ke4 Rd1 58. Nxe7 Rd4+ 59. Kf3
Nxe7 60. Rxe7+ Kxh6 0-1

[Event "19. Open de Sants Hostafrancs 2017"]
[Site "Barcelona ESP"]
[Date "2017.08.24"]
[Round "7.19"]
[White "Pfreundt, Jakob"]
[Black "Christiansen, Johan-sebastian"]
[Result "1/2-1/2"]
[WhiteElo "2388"]
[BlackElo "2475"]
[PlyCount "81"]
[EventDate "2017.08.18"]
[EventType "swiss"]
[EventRounds "10"]
[EventCountry "ESP"]
[SourceTitle "Ajedrez en Madrid"]
[Source "lmi"]
[SourceDate "2017.08.18"]

1. Nf3 d5 2. d4 Nf6 3. c4 dxc4 4. e3 Bg4 5. Bxc4 e6 6. h3 Bh5 7. Nc3 Nbd7 8.
O-O a6 9. Bb3 b5 10. e4 b4 11. Ne2 Bxf3 12. gxf3 Be7 13. Nf4 Nb6 14. Be3 O-O
15. Rc1 a5 16. Qe2 Qd7 17. Rfd1 Rfc8 18. Qf1 a4 19. Bc2 Rd8 20. Bd3 g5 21. Ng2
Nh5 22. Ba6 Rab8 23. Bb5 Qc8 24. f4 e5 25. fxe5 Qxh3 26. Ne1 Qe6 27. Qg2 Ng7
28. Rxc7 Rdc8 29. Rdc1 Rxc7 30. Rxc7 Bd8 31. Bxg5 Bxg5 32. Qxg5 Qxa2 33. Nd3 a3
34. bxa3 bxa3 35. Nc5 Kh8 36. e6 Nxe6 37. Qf6+ Ng7 38. Rxf7 Rg8 39. Kh2 Qb1 40.
Rxg7 Rxg7 41. Qf8+ 1/2-1/2

[Event "19. Open de Sants Hostafrancs 2017"]
[Site "Barcelona ESP"]
[Date "2017.08.24"]
[Round "7.20"]
[White "Brunner, Nicolas"]
[Black "Konguvel, Ponnuswamy"]
[Result "1/2-1/2"]
[WhiteElo "2472"]
[BlackElo "2383"]
[PlyCount "74"]
[EventDate "2017.08.18"]
[EventType "swiss"]
[EventRounds "10"]
[EventCountry "ESP"]
[SourceTitle "Ajedrez en Madrid"]
[Source "lmi"]
[SourceDate "2017.08.18"]

1. d4 Nf6 2. c4 g6 3. Nc3 d5 4. Nf3 Bg7 5. Qb3 dxc4 6. Qxc4 O-O 7. e4 Nc6 8.
Be2 e5 9. d5 Nd4 10. Nxd4 exd4 11. Qxd4 c6 12. Qc4 b5 13. Qxc6 Bd7 14. Qd6 Re8
15. Bd3 a5 16. f3 Nh5 17. Be3 Be5 18. Qb6 Bc7 19. Qc5 Nf4 20. Bxf4 Bxf4 21. Qf2
Qg5 22. Nd1 Qxd5 23. Qc2 Qd4 24. Nf2 Qb4+ 25. Kf1 Be5 26. Rb1 Red8 27. g3 Bd4
28. Kg2 Qc5 29. Rhd1 Be6 30. Rbc1 Qb6 31. b3 b4 32. Rb1 a4 33. bxa4 Rxa4 34.
Rd2 Rda8 35. Rdd1 Bxf2 36. Qxf2 Qxf2+ 37. Kxf2 Bxa2 1/2-1/2

[Event "19. Open de Sants Hostafrancs 2017"]
[Site "Barcelona ESP"]
[Date "2017.08.24"]
[Round "7.21"]
[White "Tsolakidou, Stavroula"]
[Black "Ramesh, R B."]
[Result "0-1"]
[WhiteElo "2366"]
[BlackElo "2470"]
[PlyCount "70"]
[EventDate "2017.08.18"]
[EventType "swiss"]
[EventRounds "10"]
[EventCountry "ESP"]
[SourceTitle "Ajedrez en Madrid"]
[Source "lmi"]
[SourceDate "2017.08.18"]

1. d4 Nf6 2. c4 e6 3. g3 d5 4. Bg2 dxc4 5. Nf3 c5 6. O-O Nc6 7. dxc5 Qxd1 8.
Rxd1 Bxc5 9. Nbd2 c3 10. bxc3 O-O 11. Nb3 Be7 12. Nfd4 Nxd4 13. cxd4 Nd5 14.
Bd2 f5 15. Rac1 b6 16. Re1 Ba3 17. Bxd5 exd5 18. Rc7 Ba6 19. Bc1 Bd6 20. Rc6
Rfd8 21. Bg5 Bb5 22. Rc2 Re8 23. e3 Ba3 24. Rd1 Rac8 25. Rdd2 Bb4 26. Rxc8 Rxc8
27. Rb2 Ba3 28. Rd2 a5 29. Kg2 a4 30. Na1 h6 31. Bf4 Rc1 32. Nc2 Bb2 33. Nb4
Bc3 34. Rc2 Rxc2 35. Nxc2 Bd3 0-1